000
00305nam a2200133Ia 4500
008
191201s2005 xx 000 0 und d
100
_a
KOPMEYER, M R
245
0
_a
Thoughts to Build On
250
_a
Rep
260
_a
N.Delhi
_b
UBSPD,
_c
2005
300
_a
322
650
_a
General Books
942
_2
ddc
_c
BK
999
_c
2158
_d
2158